|
|
|
|
| LEADER |
00000nam a2200000 a 4500 |
| 001 |
vtls001091057 |
| 003 |
SK-MaSNL |
| 005 |
20260301062409.0 |
| 008 |
250414s1983 xo 0 slo |
| 015 |
|
|
|a SNBA1983/04
|
| 035 |
|
|
|a SNK000033899
|
| 040 |
|
|
|a SNK
|b slo
|c SNK
|e AACR2
|
| 041 |
0 |
|
|a slo
|
| 044 |
|
|
|a xo
|c SK
|
| 080 |
|
|
|a 666:620.1(075.8)(076.5)
|2 1981
|
| 080 |
|
|
|a 620.1(075.8)(076.5)
|2 1981
|
| 080 |
|
|
|a 620.1
|2 1981
|
| 080 |
|
|
|a 666(075.8)(076.5)
|2 1981
|
| 100 |
1 |
|
|a Hrabě, Zdeněk
|4 aut
|9 376709
|
| 245 |
1 |
0 |
|a Laboratórne cvičenie z chémie a technológie silikátov
|c Zdeněk Hrabě
|
| 250 |
|
|
|a 1. vyd.
|
| 260 |
|
|
|a Bratislava
|b Slovenská vysoká škola technická
|c 1983
|e Bratislava
|f Edičné stredisko SVŠT
|
| 300 |
|
|
|a 131 s., 9,061 AH
|b Tb. Sch.
|c 29 cm
|
| 366 |
|
|
|e 150 výtl.
|
| 500 |
|
|
|a Lit. 21. Schválilo MŠ SSR ako skriptum. Rozmn. 21 zázn. v slov., češ., ruš. a angl.
|
| 852 |
|
|
|a Slovenská národná knižnica
|
| 954 |
|
|
|a silikáty
|a skúšanie materiálov
|
| 958 |
|
|
|a NB
|
| 958 |
|
|
|a RM
|
| 958 |
|
|
|a UV
|
| 958 |
|
|
|a OND
|
| 999 |
|
|
|c 620482
|d 622412
|
| 952 |
|
|
|a SNK
|b SNK
|y PREZ
|7 0
|p 17A0953448
|o snkSB 35131
|0 0
|1 0
|4 0
|d 2012-07-19
|f 1
|l 0
|r 2025-04-11 00:00:00
|w 2026-02-23
|
| 952 |
|
|
|t P60, <04>, [BOOK], {604}
|a SNK
|b SNK
|y VYP
|7 0
|p 17A0339332
|o snkSB 35131 D1
|i snkKSP 1726/83
|0 0
|1 0
|4 0
|d 2002-04-22
|l 0
|r 2004-12-31 00:00:00
|w 2026-02-23
|